Transportation, principles and problems /

Bibliographic Details
Main Author: Bigham, Truman Cicero, 1896-
Format: Book
Language:English
Published: New York : McGraw-Hill, 1952.
Edition:2d ed.
Subjects:

MARC

Tag First Indicator Second Indicator Subfields
LEADER 00000cam a2200000 i 4500
001 in00000078396
005 20151008052809.0
008 790816s1952 nyu 00000 eng d
010 |a  51012933  
035 |a (OCoLC)05280407 
035 |9 AAH4918AM 
040 |a IQU  |c IQU  |d TXA  |d UtOrBLW 
049 |a TXAM  |c 1 [211515] 
050 0 |a HE151  |b .B5 1952 
092 |a 385  |b B592t2 
100 1 |a Bigham, Truman Cicero,  |d 1896- 
245 1 0 |a Transportation, principles and problems /  |c Truman C. Bigham, Merrill J. Roberts. 
250 |a 2d ed. 
264 1 |a New York :  |b McGraw-Hill,  |c 1952. 
300 |a xvi, 710 pages :  |b illustrations ;  |c 24 cm. 
336 |a text  |b txt  |2 rdacontent 
337 |a unmediated  |b n  |2 rdamedia 
338 |a volume  |b nc  |2 rdacarrier 
650 0 |a Transportation. 
650 0 |a Transportation  |z United States. 
999 |a MARS 
999 f f |s 1bd4458d-f868-3963-afbc-9a672296e285  |i 14a81391-58a7-3881-8e82-35d28b034aea  |t 0 
952 f f |p ric  |a Texas A&M University  |b Rellis Campus  |c Joint Library Facility  |d Remote Storage  |t 0  |e HE151 .B5 1952  |h Library of Congress classification  |i unmediated -- volume  |m A14800877496 
998 f f |a HE151 .B5 1952  |t 0  |l Remote Storage